00906nam a2200241Ia 4500001000600000003000900006008004100015040001300056040001300069041001300082100001800095100002900113245003900142245003800181250001100219260001200230260002600242260004900268300004100317500024400358650003100602650003100633E6546IT-RoPAU130308s9999 xx 000 0 und d aIT-RoPAU cIT-RoPAU aITALIANO aMarin Corrado gCodice Aut. SPICS: 48928 aEnciclopedia fotografica italiana  bEnciclopedia Fotografica Italiana a1a ed. aTRIESTE bTecniche Fotografiche c1969 [1° Ed.:1969 - Ed.Ling.Originale:1969] a"476 p. (prefazione: 4; testo: 472)" a"Libro Base Tratto Fondamentalmente Dalla Guida Alfabetica della Fotografiapubblicata a Puntate nella rivista ""Ferrania"" dal maggio 1961 al Febbraio 1967. testo in parte Modificato e Aggiornato con Un'Appendice con molti termini Nuovi." aENCICLOPEDIE DI FOTOGRAFIA eCodice materia Spics: 6751